01110nam a2200289 i 4500003000900000005001700009007000300026008004100029020001500070020001800085040003100103082002300134100004700157245004600204264005000250300002900300336002700329337003300356338002800389490001200417500006400429590003000493910001400523942001400537952025200551999001700803DO-SdBNP20260302114739.0ta241219b2014 xxu 000 f spa d a1940075157 a9781940075150 aDO-SdBNPbspacBNPHU erda aRD863.44bA1852221 aAcosta, José,d1964-eautor4aut.92435110aUn kilómetro de mar /c José Acosta. 1aSanto Domingo : bArtepoética press,c2014. a101 páginas. c23 cm.  atextobtxt2rdacontent asin mediaciónbn2rdamedia avolumenbnc2rdacarrier1 a-novela aIncluye datos biográficos del autor en la contraportada.  aInventariado, 2024 / YL  aYLockward 2ddccLBS1 00102ddc56708PDaBNPHUbBNPHUcCTd2023-12-01eDonado por la Presidencia de la República Dominicana 2023l0oBNPHU PD RD863.44 A185p2024-7064r2024-12-20w2024-12-20yLBS1zPerteneció a la biblioteca personal de René Rodríguez Soriano c57985d57985